000
00310nam a22001337a 4500
008
170627b xxu||||| |||| 00| 0 eng d
020
_a
9788437613635
041
_a
ESP
080
_a
82
100
_a
21
101
_a
GJL
245
_a
FONETICA Y FONOLOGIA ACTUAL DEL ESPANOL
_c
INTRONO, F.D
942
_2
udc
_c
BK
999
_c
19228
_d
19228